00474nam a2200109Ia 4500008004100000100002400041245012700065260006400192650001500256999001900271952007400290160725s9999 xx 000 0 und d aRamos, Antonette L. aSocio-demographic profile and emotional quotient of BS Psychology students of Southville International School and College. bKaizen Research Journal College of PsychologycJanuary 2014 aPSYCHOLOGY c298041d298041 001040aAbAcARd2016-07-25l0r2016-07-25 00:00:00w2016-07-25ySV